00285nam a22000977a 4500008004100000082001700041100001800058245007900076260002300155300000900178230626b xxu||||| |||| 00| 0 eng d a331.880bALU cL.P.A.Aluchio aTrade Unions in Kenya:bDevelopment and the System of Industrial Relations aNairobibJKFc1998 a179p